000 00713nam a2200205 i 4500
001 59020
003 ES-MaACL
005 20250809063313.0
007 t|
008 031027s1941 sp ||||1| spa d
100 1 _aEhzenberg, Víctor.
_946797
245 1 3 _aEl reaseguro /
_cVíctor Ehzenberg ; traducción, nota preliminar y prólogo por José María Navas Müller.
260 _aMadrid :
_bRevista de Derecho Privado,
_c[1941] (
_fGalo Sèz)
300 _a222 p. ;
_c23 cm.
490 1 _aRevista de Derecho Privado. Serie B ;
_v20
700 1 _aNavas, José María.
_985201
830 0 0 _aRevista de derecho privado
_v20
_9232247
852 _aES-MaACL
_jC-3902
_bR.23605
999 _c59020
_d59020